What language did they speak? #3 - Statistics

General Stats
  • This quiz has been taken 233 times
  • The average score is 13 of 15
Answer Stats
Person Language % Correct
Osama bin Laden Arabic
98%
Otto von Bismarck German
98%
Muhammad Ali English
97%
Prophet Muhammad Arabic
96%
Frank Sinatra English
95%
Claude Monet French
95%
Xi Jinping Mandarin
94%
Shinzo Abe Japanese
89%
Al Capone Italian
88%
Ayatollah Khomeini Persian
84%
Gal Gadot Hebrew
78%
Viktor Orbán Hungarian
76%
Catherine the Great German
74%
Salvador Dali Catalan
66%
Kamehameha III Hawaiian
65%
No matching quizzes found
Score Distribution
Percent of People with Each Score
Percentile by Number Answered
Your Score History
You have not taken this quiz